India, Ceylon straits settlements British North Borneo Hong-Kong (Record no. 438149)

000 -LEADER
fixed length control field 00377cam a22001217a 4500
008 - FIXED-LENGTH DATA ELEMENTS--GENERAL INFORMATION
fixed length control field 180718b1899 xxu||||| |||| 00| 0 eng d
082 ## - DEWEY DECIMAL CLASSIFICATION NUMBER
Classification number A6x54 So87
245 ## - TITLE STATEMENT
Title India, Ceylon straits settlements British North Borneo Hong-Kong
260 ## - PUBLICATION, DISTRIBUTION, ETC.
Place of publication, distribution, etc. London
Name of publisher, distributor, etc. Kegan Paul
Date of publication, distribution, etc. 1899
300 ## - PHYSICAL DESCRIPTION
Extent 536+p.
440 ## - SERIES STATEMENT/ADDED ENTRY--TITLE
Title The British Empire Series; v.1.
650 ## - SUBJECT ADDED ENTRY--TOPICAL TERM
Topical term or geographic name entry element Great Britain --Colonies --Asia
Holdings
Withdrawn status Lost status Damaged status Not for loan Permanent Location Current Location Date acquired Full call number Barcode Date last seen Price effective from Koha item type
        Indian Institute of Public Administration Indian Institute of Public Administration 2010-04-02 A6x54 So87 36077 2018-07-21 2018-07-21 Book

Powered by Koha